История физической культуры и спорта: учебное пособие для вузов

Dades bibliogràfiques
Autor principal: Сарычева Т. В. Татьяна Валерьевна
Autor corporatiu: Национальный исследовательский Томский политехнический университет (ТПУ)
Sumari:В пособии рассматривается история физической культуры различных регионов мира; раскрывается процесс становления, развития, функционирования основных отечественных и зарубежных систем физического воспитания. Освещается генезис видов спорта в стране и международного спортивного движения. Вводятся в оборот документальные данные о формировании и деятельности кружков, обществ, управленческих и образовательных структур сферы физической культуры, развитии видов спорта в Томской губернии (области). Предназначено для студентов высших учебных заведений, а также может быть полезно студентам средних профессиональных учебных заведений физической культуры, преподавателям вузов и колледжей, учителям физической культуры и аспирантам.
Idioma:rus
Publicat: Томск, Изд-во ТПУ, 2012
Matèries:
Format: MixedMaterials Llibre
KOHA link:https://koha.lib.tpu.ru/cgi-bin/koha/opac-detail.pl?biblionumber=240615

MARC

LEADER 00000nam0a2200000 4500
001 240615
005 20231101231744.0
035 |a (RuTPU)RU\TPU\book\261873 
090 |a 240615 
100 |a 20130624d2012 m y0rusy50 ca 
101 0 |a rus 
102 |a RU 
105 |a y j 001zy 
200 1 |a История физической культуры и спорта  |e учебное пособие для вузов  |f Т. В. Сарычева  |g Национальный исследовательский Томский политехнический университет (ТПУ) 
210 |a Томск  |c Изд-во ТПУ  |d 2012 
215 |a 210 с. 
320 |a Библиогр.: с. 203-205. 
330 |a В пособии рассматривается история физической культуры различных регионов мира; раскрывается процесс становления, развития, функционирования основных отечественных и зарубежных систем физического воспитания. Освещается генезис видов спорта в стране и международного спортивного движения. Вводятся в оборот документальные данные о формировании и деятельности кружков, обществ, управленческих и образовательных структур сферы физической культуры, развитии видов спорта в Томской губернии (области). Предназначено для студентов высших учебных заведений, а также может быть полезно студентам средних профессиональных учебных заведений физической культуры, преподавателям вузов и колледжей, учителям физической культуры и аспирантам. 
488 1 |0 (RuTPU)RU\TPU\book\287079  |t История физической культуры и спорта  |o учебное пособие  |f Т. В. Сарычева  |g Национальный исследовательский Томский политехнический университет (ТПУ), Институт социально-гуманитарных технологий (ИСГТ), Кафедра физического воспитания (ФВ)  |c Томск  |n Изд-во ТПУ  |d 2013  |a Сарычева, Татьяна Валерьевна 
606 1 |a Физическая культура и спорт  |2 stltpush  |3 (RuTPU)RU\TPU\subj\63791  |9 80728 
610 1 |a спорт 
610 1 |a история 
610 1 |a зарубежные страны 
610 1 |a первобытное общество 
610 1 |a рабовладельческое общество 
610 1 |a Древняя Греция 
610 1 |a античность 
610 1 |a Олимпийские игры 
610 1 |a Древний Рим 
610 1 |a средние века 
610 1 |a Возрождения эпоха 
610 1 |a страны Востока 
610 1 |a йога 
610 1 |a ушу 
610 1 |a каратэ-до 
610 1 |a дзюдо 
610 1 |a Джиу Джитсу 
610 1 |a 17 век 
610 1 |a 18 век 
610 1 |a 19 век 
610 1 |a 20 век 
610 1 |a 21 век 
610 1 |a филантропия 
610 1 |a гимнастика 
610 1 |a гимнастическая культура 
610 1 |a Чехия 
610 1 |a Швеция 
610 1 |a Германия 
610 1 |a спортивные игры 
610 1 |a милитаризация 
610 1 |a Россия 
610 1 |a физическое воспитание 
610 1 |a военно-физическая подготовка 
610 1 |a физическое образование 
610 1 |a тяжелая атлетика 
610 1 |a конькобежцы 
610 1 |a велосипедный спорт 
610 1 |a академическая гребля 
610 1 |a стрельба 
610 1 |a плавание 
610 1 |a лыжный спорт 
610 1 |a Томская губерния 
610 1 |a советский спорт 
610 1 |a ГТО 
610 1 |a массовый спорт 
610 1 |a спортсмены 
610 1 |a Российская Федерация 
610 1 |a международное спортивное движение 
610 1 |a МОК 
610 1 |a спортивные организации 
610 1 |a учебные пособия 
675 |a 796(09)(075.8)  |v 3 
700 1 |a Сарычева  |b Т. В.  |c специалист в области физической культуры и спорта  |c доцент Томского политехнического университета  |f 1970-  |g Татьяна Валерьевна  |2 stltpush  |3 (RuTPU)RU\TPU\pers\31158 
712 0 2 |a Национальный исследовательский Томский политехнический университет (ТПУ)  |c (2009- )  |2 stltpush  |3 (RuTPU)RU\TPU\col\15902 
801 1 |a RU  |b 63413507  |c 20130624 
801 2 |a RU  |b 63413507  |c 20170209  |g RCR 
900 |a История физической культуры и спорта 
942 |c BK